[Event "TUR-chT"]
[Site "Kocaeli"]
[Date "2008.06.24"]
[Round "2"]
[White "Komut, Burak"]
[Black "Yargici, Mazhar Kutay"]
[Result "1-0"]
[WhiteElo "1855"]
[BlackElo "1937"]
[PlyCount "97"]
[EventDate "2008.06.24"]
[EventType "team"]
[EventRounds "15"]
[EventCountry "TUR"]
[SourceTitle "CBM 125 Extra"]
[Source "ChessBase"]
[SourceDate "2008.09.01"]
[SourceVersion "1"]
[SourceVersionDate "2008.09.01"]
[SourceQuality "1"]

1. d4 Nf6 2. Nf3 c5 3. d5 g6 4. c4 b5 5. cxb5 a6 6. Nbd2 Nxd5 7. e4 Nb6 8. Qc2 d6 9. b3 Bg7 10. Bb2 0-0 11. Bd3 axb5 12. Bxb5 Ba6 13. Bxa6 Nxa6 14. a3 Qc7 15. Bxg7 Kxg7 16. 0-0 Ra7 17. Qc3+ Kg8 18. h4 h5 19. Qe3 Kg7 20. Rfc1 Qb7 21. Nf1 Rfa8 22. Ng3 f6 23. Nd2 Nb4 24. a4 Qd7 25. f4 Qg4 26. f5 Qxh4 27. fxg6 Kxg6 28. Nf5 Qg5 29. Qe2 N6d5 30. Rf1 Nf4 31. Qf3 Nbd3 32. Kh2 Qg4 33. Nc4 Rb7 34. Nd2 Rba7 35. g3 Qh3+ 36. Kg1 Qg4 37. Qxg4+ hxg4 38. gxf4 Rh8 39. Ne3 Rh3 40. Ndc4 Ra8 41. Rad1 Rg3+ 42. Kh2 Rh3+ 43. Kg2 Rah8 44. Rxd3 Rh2+ 45. Kg1 Rh1+ 46. Kf2 g3+ 47. Kxg3 R1h2 48. Rg1 R8h3+ 49. Kg4 1-0